Normal view MARC view
  • Páramo Bernal, Pablo Fernando

Entry Nombre Personal

Number of records used in: 7

001 - NUMERO DE CONTROL

  • campo de control: 41181

003 - IDENTIFICADOR DE NUMERO DE CONTROL

  • campo de control: MX-MxUPN

005 - FECHA Y HORA DE LA ÜLTIMA TRANSACCIÓN

  • campo de control: 20260401130240.0

008 - DATOS DE LONGITUD FIJA

  • campo de control de longitud fija: 260401|n ac|nnaabn | aaa d

035 ## - NUMERO DE CONTROL

  • Número de control: UPN11000013288

040 ## - FUENTE DE CATALOGACIÓN

  • Agencia original de catalogación: MX-MxUPN
  • Lenguaje de catalogación: spa
  • Agencia de transcripción: MX-MxUPN

100 1# - ENCABEZAMIENTO - NOMBRE PERSONAL

  • Nombre personal: Páramo Bernal, Pablo Fernando

400 1# - VEÁSE - NOMBRE DE PERSONA

  • Personal name: Páramo, Pablo

670 ## - FUENTE EN LA QUE SE LOCALIZARON DATOS

  • Cita de la fuente: LC/P

670 ## - FUENTE EN LA QUE SE LOCALIZARON DATOS

  • Cita de la fuente: Apuntes para la historia de los sociolugares, 2024 :
  • Información localizada: portada (Pablo Páramo)
  • Uniform Resource Identifier: http://hdl.handle.net/20.500.12209/21365

680 ## - NOTA PUBLICA DE ACCESO PÚBLICO

  • Frase explicativa de la referencia: Doctor en Psicología Ambiental colombiano

902 ## - CATALOGADOR

  • Catalogador: MMA/070318
  • Catalogador: JohanaAllegre/010426